<?xml version="1.0" encoding="UTF-8"?>
<collection xmlns:xsi="http://www.w3.org/2001/XMLSchema-instance" xsi:schemaLocation="http://www.loc.gov/MARC21/slim http://www.loc.gov/standards/marcxml/schema/MARC21slim.xsd" xmlns="http://www.loc.gov/MARC21/slim">
 <record>
  <leader>00000cab a22000003a 4500</leader>
  <controlfield tag="001">UP-99796217612665425</controlfield>
  <controlfield tag="003">Buklod</controlfield>
  <controlfield tag="005">20231008001539.0</controlfield>
  <controlfield tag="006">a    grb    001 u|</controlfield>
  <controlfield tag="007">ta</controlfield>
  <controlfield tag="008">180131s        xx     d | ||r |||||   ||</controlfield>
  <datafield tag="040" ind1=" " ind2=" ">
   <subfield code="a">DENG</subfield>
  </datafield>
  <datafield tag="041" ind1=" " ind2=" ">
   <subfield code="a">eng</subfield>
  </datafield>
  <datafield tag="100" ind1="0" ind2=" ">
   <subfield code="a">Myo Thant</subfield>
  </datafield>
  <datafield tag="245" ind1="0" ind2="0">
   <subfield code="a">Probabilistic seismic hazard assessment for Yangon Region, Myanmar</subfield>
   <subfield code="c">Myo Thant.</subfield>
  </datafield>
  <datafield tag="300" ind1=" " ind2=" ">
   <subfield code="a">December 2014</subfield>
   <subfield code="b">pp.117-131</subfield>
  </datafield>
  <datafield tag="520" ind1=" " ind2=" ">
   <subfield code="a">According to the seismicity and the records of the previous considerably high magnitude earthquakes, Yangon Region can be regarded as the low to medium seismicity region. Moreover, tectonically, the region is surrounded by the subduction zone between the Indian Plate and Burma Plate to the west and the right lateral Sagaing Fault to the east. The most significant earthquake happened around this region is the Bago earthquake of May 5, 1930 with a magnitude of 7.3. This earthquake caused 500 casualties and great destruction in Bago. However, considerable damage and 50 deaths were recorded in Yangon. It was originated from the Sagaing fault. The seismic hazard analysis is performed for Yangon region by applying the probabilistic way. In conducting seismic hazard analysis, firstly the most possible seismic sources are identified and the seismic source parameters are then determined for each sources. Based on the seismicity, focal mechanism study of the previous events, and the subduction zone of Indian Plate beneath Burma Plate, Sagaing fault, and Kyaukkyan fault. The seismic hazard analysis is carried out for 10% and 2% probabilities of exceedance in 50 years and the seismic hazard maps are represented in terms of peak ground acceleration and spectral acceleration at the periods of 0.2s and 1.0s for those recurrence intervals.</subfield>
  </datafield>
  <datafield tag="653" ind1=" " ind2=" ">
   <subfield code="a">Bago earthquake.</subfield>
  </datafield>
  <datafield tag="653" ind1=" " ind2=" ">
   <subfield code="a">Peak ground acceleration.</subfield>
  </datafield>
  <datafield tag="653" ind1=" " ind2=" ">
   <subfield code="a">Sagaing Fault.</subfield>
  </datafield>
  <datafield tag="653" ind1=" " ind2=" ">
   <subfield code="a">Seismic hazard analysis.</subfield>
  </datafield>
  <datafield tag="653" ind1=" " ind2=" ">
   <subfield code="a">Spectral acceleration.</subfield>
  </datafield>
  <datafield tag="773" ind1="0" ind2=" ">
   <subfield code="t">ASEAN engineering journal</subfield>
   <subfield code="g">3, 2C (2014 (Dec)).</subfield>
  </datafield>
  <datafield tag="905" ind1=" " ind2=" ">
   <subfield code="a">FO</subfield>
  </datafield>
  <datafield tag="852" ind1=" " ind2=" ">
   <subfield code="a">UPD</subfield>
   <subfield code="b">DENG</subfield>
  </datafield>
  <datafield tag="942" ind1=" " ind2=" ">
   <subfield code="a">Article</subfield>
  </datafield>
 </record>
</collection>
